01545nam a2200397 i 450000100060000000300080000600500170001400600190003100700150005000800410006502000270010602000180013303500230015103500240017403500250019803500210022304000310024405000230027508200180029824500980031626400460041430000580046033600310051833700330054933800430058250400290062558801280065459001640078265000200094665000250096665500270099170000310101879700190104985600620106899900170113042998FlNmELB20241216222106.0m o d | cr cnu||||||||141113s2011 sp a ob 000 0 spa d a9788415004202 (e-book) z9788492442461 a(MiAaPQ)EBC3225832 a(Au-PeEL)EBL3225832 a(CaPaEBR)ebr10957807 a(OCoLC)992057333 aFINmELBbspaerdacFINmELB 4aRD96.4b.Q394 20110 a617.1/10622300aQuemados :bvaloración y criterios de actuación /ccoordinador: Ricardo Palao Doménech. 1aBarcelona :bMarge, Medica Books,c[2011] a1 recurso en línea (140 páginas) :bilustraciones atextobtxt2rdacontent/spa acomputadorabc2rdamedia/spa arecurso en líneabcr2rdacarrier/spa aContiene bibliografía. aDescripción basada en recurso en línea; Título de la página del título en PDF (e-libro, visto November 13, 2014). aRecurso electrónico. Santa Fe, Arg.: e-libro, 2015. Disponible vía World Wide Web. El acceso puede estar limitado para las bibliotecas afiliadas a e-libro. 0aBurnsxtherapy. 4aQuemadurasxTerapia. 4aLibros electrónicos.1 aPalao Doménech, Ricardo.2 ae-libro, Corp.40uhttps://elibro.net/ereader/politecnicointernacional/59306 c42998d42998